2017/18 Premier League Teams - Statistics

General Stats
  • This quiz has been taken 21 times
  • The average score is 17 of 20
Answer Stats
Nickname Answer % Correct
The Gunners Arsenal
94%
The Blues Chelsea
94%
The Toffees Everton
94%
The Reds Liverpool
94%
The Citizens Man City
94%
The Red Devils Man United
94%
The Swans Swansea City
94%
Spurs Tottenham Hotspur
94%
The Hammers West Ham
94%
The Seagulls Brighton
89%
The Foxes Leicester City
89%
The Magpies Newcastle
89%
The Cherries Bournemouth
83%
The Eagles Crystal Palace
83%
The Saints Southampton
83%
The Clarets Burnley
78%
The Hornets Watford
72%
The Terriers Huddersfield
67%
Potters Stoke City
67%
The Baggies West Brom
61%
No matching quizzes found
Score Distribution
Percent of People with Each Score
Percentile by Number Answered
Your Score History
You have not taken this quiz